| 000 | 00930nas a2200277 4500 | ||
|---|---|---|---|
| 001 | 6288 | ||
| 003 | GR-kaGGEEl | ||
| 005 | 20220622205358.0 | ||
| 035 | _a8993 | ||
| 090 | _a6288 | ||
| 100 | _a20100513b19501964k y0grey50 ga | ||
| 101 | 0 | _agre | |
| 102 | _aCY | ||
| 106 | _ae | ||
| 110 | _ac||| 0||| | ||
| 200 | 1 |
_aΦως [εφημερίδα] _eη εφημερίς του κέντρου |
|
| 207 | 0 | _aΑρ.φυλ.1 (5 Μαΐου 1950) - αρ.φυλ.4055 (12 Δεκ.1964) | |
| 210 |
_aΛευκωσία _d1950 - 1964 |
||
| 310 | _aΗ βιβλιοθήκη διαθέτει τα εξής: 1958 - 1960 | ||
| 310 | _aΗ εφημερίδα είναι δεμένη σε 4 τόμους μεγάλου μεγέθους. | ||
| 606 | 1 |
_aΤύπος, Κυπριακός _923970 |
|
| 607 |
_aΚύπρος _xΕφημερίδες _916682 |
||
| 676 | _a079.5645 | ||
| 942 | _cCR | ||